Blood chemistry 2 : (Record no. 294938)
[ view plain ]
| 000 -LEADER | |
|---|---|
| fixed length control field | 00508nam a22001697a 4500 |
| 003 - CONTROL NUMBER IDENTIFIER | |
| control field | PILC |
| 005 - DATE AND TIME OF LATEST TRANSACTION | |
| control field | 20160524111656.0 |
| 008 - FIXED-LENGTH DATA ELEMENTS--GENERAL INFORMATION | |
| fixed length control field | 160524b xxu||||| |||| 00| 0 eng d |
| 020 ## - INTERNATIONAL STANDARD BOOK NUMBER | |
| International Standard Book Number | 9789719802600 |
| 050 ## - LIBRARY OF CONGRESS CALL NUMBER | |
| Classification number | RB 145 |
| Item number | .Su83 2015 |
| 100 ## - MAIN ENTRY--PERSONAL NAME | |
| Personal name | Suba, Sally C. |
| 245 ## - TITLE STATEMENT | |
| Title | Blood chemistry 2 : |
| Remainder of title | laboratory manual / |
| Statement of responsibility, etc | Sally C. Suba. |
| 260 ## - PUBLICATION, DISTRIBUTION, ETC. (IMPRINT) | |
| Place of publication, distribution, etc | Quezon City : |
| Name of publisher, distributor, etc | C & E Publishing, Inc., |
| Date of publication, distribution, etc | 2015. |
| 300 ## - PHYSICAL DESCRIPTION | |
| Extent | viii, 112 pages ; |
| Dimensions | 26 cm. |
| 650 ## - SUBJECT ADDED ENTRY--TOPICAL TERM | |
| Topical term or geographic name as entry element | Blood analysis |
| General subdivision | Laboratory manuals. |
| 942 ## - ADDED ENTRY ELEMENTS (KOHA) | |
| Source of classification or shelving scheme | Library of Congress Classification |
| Koha item type | Books |
| Withdrawn status | Lost status | Source of classification or shelving scheme | Damaged status | Home library | Current library | Shelving location | Date acquired | Source of acquisition | Sub Shelving location | Total Checkouts | Total Renewals | Full call number | Barcode | Date last seen | Date checked out | Price effective from | Koha item type |
|---|---|---|---|---|---|---|---|---|---|---|---|---|---|---|---|---|---|
| Library of Congress Classification | South SEED-LPDH College Library | South SEED-LPDH College Library | South SEED-LPDH College Section | 05/24/2016 | Library Fund | 1 | 10 | RB 145 .Su83 2015 | SSLC1447 | 05/15/2018 | 01/20/2018 | 05/24/2016 | Books |